000 00576nam a2200193Ia 4500
003 GCL
008 140319s9999 xx 000 0 ara d
040 _aGCL /
_cGCL
082 0 4 _a811.094
_bم ت
100 1 _aمحمد ابودومة
245 1 0 _aتباريح اوراد الجوى /
_cمحمد ابودومة
260 _a[S.N] :
_bالهيئة المصرية العامة للكتاب ،
_c1990
300 _a101 ص
490 _a
650 0 4 _aالشعر العربى
650 0 4 _aالادب العربى
650 0 4 _aالعصر الحديث
942 _2ddc
_cBK
999 _c30225
_d30225